000 00800nam a2200265Ia 4500
003 OSt
005 20220923211003.0
006 a|||||r|||| 00| 0
007 ta
008 220922b |||||||| |||| 00| 0 hin d
020 _a8170164524 (hbk)
024 _a158,557
037 _cTextual
040 _aARTS
_cARTS
_bhin
041 _2hin
_ahin
082 _aO152,1:g, N9
100 _aअजित कुमार
245 0 _aइधर की हिंदी कविता
246 _aIdhar kī hiandī kavitā
260 _aदिल्ली
_b किताब घर
_c1999
300 _a131 पृ.
_ccm.
650 _aहिन्दी साहित्य
_9156264
942 _hO152,1:g, N9
_cTEXL
_2CC
999 _c293563
_d293563